Giáo trình thị trường tài chính
Sách trình bày những kiến thức tổng quan về thị trường tài chính, thị trường tiền tệ, thị trường vốn, thị trường chứng khoán với những chức năng, vai trò, phương thức hoạt động của từng thị trường......
Spremljeno u:
| Glavni autor: | |
|---|---|
| Format: | Knjiga |
| Jezik: | Undetermined |
| Izdano: |
Thành phố Hồ Chí Minh
Nxb. Kinh tế Thành phố Hồ Chí Minh
2012
|
| Teme: | |
| Oznake: |
Dodaj oznaku
Bez oznaka, Budi prvi tko označuje ovaj zapis!
|
| Thư viện lưu trữ: | Trung tâm Học liệu Trường Đại học Cần Thơ |
|---|
| LEADER | 01104nam a2200217Ia 4500 | ||
|---|---|---|---|
| 001 | CTU_181423 | ||
| 008 | 210402s9999 xx 000 0 und d | ||
| 020 | |c 99000 | ||
| 082 | |a 332.642 | ||
| 082 | |b Y603 | ||
| 100 | |a Bùi, Kim Yến | ||
| 245 | 0 | |a Giáo trình thị trường tài chính | |
| 245 | 0 | |c Bùi Kim Yến chủ biên | |
| 260 | |a Thành phố Hồ Chí Minh | ||
| 260 | |b Nxb. Kinh tế Thành phố Hồ Chí Minh | ||
| 260 | |c 2012 | ||
| 520 | |a Sách trình bày những kiến thức tổng quan về thị trường tài chính, thị trường tiền tệ, thị trường vốn, thị trường chứng khoán với những chức năng, vai trò, phương thức hoạt động của từng thị trường... | ||
| 650 | |a Bank marketing,Bank marketing,Stock exchanges,Thị trường ngân hàng,Thị trường chứng khoán | ||
| 650 | |x Textbook,Textbook,Textbook,Giáo trình,Giáo trình | ||
| 904 | |i Hải | ||
| 980 | |a Trung tâm Học liệu Trường Đại học Cần Thơ | ||